Las minas de México (Record no. 1604)

MARC details
000 -CABECERA
campo de control de longitud fija 00608nam a2200181 a 4500
001 - NÚMERO DE CONTROL
campo de control BRCA_1823
005 - FECHA Y HORA DE LA ÚLTIMA TRANSACCIÓN
campo de control 20190320203550.0
008 - DATOS DE LONGITUD FIJA--INFORMACIÓN GENERAL
campo de control de longitud fija 210508s----1905mx-a---###---#000-0#spa-#
050 #4 - SIGNATURA TOPOGRÁFICA DE LA BIBLIOTECA DEL CONGRESO
Número de clasificación HD9506.M4
Número de documento/Ítem .M56 1905
245 10 - MENCIÓN DE TÍTULO
Título Las minas de México
Resto del título historia, geología, antigua mineria y descripción general de los estados mineros de la República Mexicana.
260 ## - PUBLICACIÓN, DISTRIBUCIÓN, ETC.
Lugar de publicación, distribución, etc. México
Nombre del editor, distribuidor, etc. J.R. Southworth
Fecha de publicación, distribución, etc. 1905
300 ## - DESCRIPCIÓN FÍSICA
Extensión v.9 (260 p.)
Otras características físicas il.
Dimensiones 28 cm.
500 ## - NOTA GENERAL
Nota general Colección Sonia Corcuera de Mancera
650 14 - PUNTO DE ACCESO ADICIONAL DE MATERIA--TÉRMINO DE MATERIA
Término de materia o nombre geográfico como elemento de entrada Minería
Subdivisión geográfica México
9 (RLIN) 5671
650 14 - PUNTO DE ACCESO ADICIONAL DE MATERIA--TÉRMINO DE MATERIA
Término de materia o nombre geográfico como elemento de entrada Geología
Subdivisión geográfica México
9 (RLIN) 5672
902 ## - CATALOGADOR
Iniciales DSC
942 ## - ELEMENTOS DE PUNTO DE ACCESO ADICIONAL (KOHA)
Fuente del sistema de clasificación o colocación Library of Congress Classification
Tipo de ítem Koha Libros
Holdings
Estado de retiro Estado de pérdida Estado dañado No para préstamo Localización permanente Ubicación/localización actual Fecha de adquisición Total de préstamos Signatura topográfica completa Código de barras Fecha visto por última vez Precio válido a partir de Tipo de ítem Koha
El ejemplar forma parte de la colección y puede ser consultado según las políticas vigentes.       Biblioteca del Museo Franz Mayer (Rogerio Casas-Alatriste) Biblioteca del Museo Franz Mayer (Rogerio Casas-Alatriste) 27/06/2008   HD9506.M4 .M56 1905 DSC00068 22/03/2019 22/03/2019 Libros